000 00611nam a2200205 i 4500
001 94789
003 ES-MaACL
005 20231204173722.0
007 t|
008 050516s1958 sp ||||1| spa d
100 1 _aLuca de Tena, Torcuato,
_d1923-1999
_974516
245 1 0 _aEdad prohibida
_b: novela /
_cTorcuato Luca de Tena.
250 _a[2ª ed.].
260 _aBarcelona :
_bPlaneta,
_c1958.
300 _a371 p. ;
_c19 cm.
490 1 _aAutores españoles contemporáneos
830 0 _aAutores españoles contemporáneos
_9180811
852 _aES-MaACL
_jC-15783
_bR.43653
999 _c94789
_d94789